000 01046nam a22002177a 4500
999 _c58373
_d58373
003 Ge_BSU
005 20211221142932.0
008 211221s2021ge xxu||||| |||| 00| 0 geo d
020 _a9789941972164
041 _ageo
080 _a341.231.14+61 ა-26
245 _aადამიანის უფლებათა დაცვა და კოვიდ - 19 - ის პანდემია
_bსტატიათა კრებული /
_cრედ. კონსტანტინე კორკელია
264 _aთბილისი,
_c2021.
300 _a248 გვ.:
_c22 სმ.
_eსარჩევი გვ: 5-247.
653 _aადამიანის უფლებათა დაცვა და კოვიდ - 19 - ის პანდემია
653 _aსამართალი
653 _aმედიცინა
700 _aკორკელია, კონსტანტინე
_eრედაქტორი
_9539
767 _tნაჩუქარი
942 _2udc
_cBK